000 00359nam a22001457a 4500
003 CEME
005 20210628201626.0
008 210212b xxu||||| |||| 00| 0 eng d
040 _c.
082 _a620.11233 BRY
100 _aBryce, Dauglas M
_956069
245 _aMold shrinkage and wrapage handbook vol - 3
260 _aUSA
_bPDF
_c1995
942 _cBK
_2ddc
999 _c566599
_d566599